| 000 | 00510nam a2200181Ia 4500 | ||
|---|---|---|---|
| 001 | 17251 | ||
| 005 | 20260306170411.0 | ||
| 008 | 260306t2019||||xx |||||||||||||| ||und|| | ||
| 041 | _aESP | ||
| 082 |
_a657.61 _bF43 |
||
| 100 |
_aFerrer Quea, Alejandro _eAUT |
||
| 245 | 0 |
_aContratos de arrendamientos de activos con derecho de uso: _baplicación de los nuevos criterios de la NIIF 16 |
|
| 260 | _c2019 | ||
| 300 |
_a190 pƔginas : _c24 cm. |
||
| 650 | _aGEN | ||
| 654 | _aCCO | ||
| 942 |
_cLIB _dJUS _fJUS _2ddc _n |
||
| 999 |
_c17251 _d17251 |
||